Revista Brasileira de Finanȧs

Bibliographic Details
Corporate Author: Sociedade Brasileira de Finanȧs
Format: Journal
Language:Portuguese
Published: [Brasil] : Sociedade Brasileira de Finanȧs, 2003.
Subjects:
Online Access:Acceso restringido

MARC

LEADER 00000nas a22000007a 4500
005 20110826103051.0
008 110826t2003 bl zr|p s|||| 00| b1por d
022 |a 1679-0731  
035 |a 5432 
040 |a vLex 
090 |c 2269  |d 2269 
245 0 0 |a Revista Brasileira de Finanȧs   |h [Recurso electrn̤ico] 
256 |a Servicio en ln̕ea. 
260 |a [Brasil] :  |b Sociedade Brasileira de Finanȧs,  |c 2003. 
310 |a 4 Nm︢eros al aǫ 
362 |a Nm︢. 1 (2003) - 
506 1 |a Contenido solo disponible en los productos indicados  |d vLex Global  |d vLex Global (Academic Edition, excluding Law Schools)  |d vLex Global (Academic Edition, Law Schools) 
650 0 4 |a Mercados financieros 
650 0 4 |a Gestin̤ del riesgo 
650 0 4 |a Inversiones 
710 2 |a Sociedade Brasileira de Finanȧs  
740 0 |a vLex Revistas (Servicio en ln̕ea) 
856 4 0 |u http://vlex.com/source/revista-brasileira-financas-5432  |z Acceso restringido 
942 |c REV